00414nam a2200193Ia 4500003000900000008004100009040001300050040001300063041000800076100002800084245002300112250001200135260001000147260000900157300001100166300001200177490002500189490000600214IT-RoPAU120407s9999 xx 000 0 und d aIT-RoPAU cIT-RoPAU aita aDomenico Galati Ventura aVittorio G. Rossi. aRavenna aLongo c1967 a259 p. c21,5 cm a1. Rossi Vittorio G. v1